Films avec Clint Eastwood - Mort subite - Statistiques

Statistiques générales
  • Ce quiz a été pris 371 fois
  • Le résultat moyen est 6 sur 14
Answers on the Grid
Answers color-coded by a green-red scale on the quiz's grid according to % correct below.
Le bon, la brute et le truand
Impitoyable
Pour une poignée de dollars
L'inspecteur Harry
L'inspecteur Columbo
Et pour quelques dollars de plus
Sur la route de Madison
Sur la route de Memphis
Les 7 mercenaires
Les 12 salopards
Le maître de guerre
Space cowboys
Armageddon
Le retour de l'inspecteur Harry
L'inspecteur ne renonce jamais
La mort de l'inspecteur Harry
Pendez-les haut et court
Peur sur la ville
Dans la ligne de mire
L'évadé d'Alcatraz
La grande évasion
Danse avec les loups
Le secret de Brokeback mountain
Doux, dur et dingue
 
Statistiques - réponses
Réponse % Correct
Le bon, la brute et le truand
72%
Pour une poignée de dollars
61%
Et pour quelques dollars de plus
59%
Sur la route de Madison
54%
Le retour de l'inspecteur Harry
51%
Impitoyable
50%
L'inspecteur Harry
50%
L'évadé d'Alcatraz
43%
Dans la ligne de mire
39%
Space cowboys
39%
L'inspecteur ne renonce jamais
36%
Le maître de guerre
33%
Pendez-les haut et court
30%
Doux, dur et dingue
29%
Aucun quiz correspondant
Distribution des résultats
% des personnes avec chaque résultat
Percentile par nombre de réponses
Votre historique - résultats
Vous n’avez pas pris ce quiz